Hướng dẫn tự học Corel Draw 8
Nội dung xử lý dạng hình, đường thẳng, đường cong, khung viền và chế độ tô màu. làm quen với thiết kế trang của riêng bạn. Sử dụng mặt nạ để gia tăng chất lượng các hình ảnh của bạn.
Wedi'i Gadw mewn:
| Prif Awdur: | |
|---|---|
| Fformat: | Llyfr |
| Iaith: | Undetermined |
| Cyhoeddwyd: |
Hà Nội
Thống kê
1998
|
| Pynciau: | |
| Tagiau: |
Ychwanegu Tag
Dim Tagiau, Byddwch y cyntaf i dagio'r cofnod hwn!
|
| Thư viện lưu trữ: | Trung tâm Học liệu Trường Đại học Cần Thơ |
|---|
| LEADER | 00880nam a2200193Ia 4500 | ||
|---|---|---|---|
| 001 | CTU_232312 | ||
| 008 | 210402s9999 xx 000 0 und d | ||
| 082 | |a 006.68 | ||
| 082 | |b Tr561 | ||
| 100 | |a Nguyễn, Minh Trường | ||
| 245 | 0 | |a Hướng dẫn tự học Corel Draw 8 | |
| 245 | 0 | |c Nguyễn Minh Trường, Hải Yến | |
| 260 | |a Hà Nội | ||
| 260 | |b Thống kê | ||
| 260 | |c 1998 | ||
| 520 | |a Nội dung xử lý dạng hình, đường thẳng, đường cong, khung viền và chế độ tô màu. làm quen với thiết kế trang của riêng bạn. Sử dụng mặt nạ để gia tăng chất lượng các hình ảnh của bạn. | ||
| 650 | |a Chương trình đồ họa CorelDRAW,CorelDRAW | ||
| 910 | |b dqhieu | ||
| 980 | |a Trung tâm Học liệu Trường Đại học Cần Thơ | ||